000 00713nam a22001937a 4500
999 _c181604
_d181604
005 20210927111333.0
010 _aUR-11247
020 _c350.00
_a9789390100200
035 _aU-9802
037 _bDBAD/PUB
082 _a954.440
100 _aا ما م ا عظم
245 _aپہلی جنگ آ ز ا د ی 1857ء ميں ا ر د و ز با ں کا کر د ا ر
_cا ما م ا عظم
246 _aPehli Jang-e-Azadi 1857 Mein Urdu Zuban Ka Kirdar (Urdu)
_bby Imam Aazam
260 _aDelhi
_c2020 ء
_bEducational Publishing House
270 _a3191,Vakil Street,kucha pandit Lal kuan ,
_bDelhi
_e110006
_l -
300 _a272 ص
_c22 Cm(Hb)
942 _2ddc
_cUR
_h954.440
_mا م ا